000 00565nam a2200217Ia 4500
003 OSt
005 20220918105412.0
006 a|||||r|||| 00| 0
007 ta
008 220915b |||||||| |||| 00| 0 ara d
024 _a89,262
037 _cReference Collections
040 _aARTS
_cARTS
_bara
041 _2ara
_aara
082 _aP111,J:4k, 28P5(RR)
100 _aMuneer Au.
_91133
245 0 _aAl-maurid al akab
260 _c2005
942 _hP111,J:4k, 28P5(RR)
_cREF
999 _c106785
_d106785